000 00253nam a22001217a 4500
008 170227b xxu||||| |||| 00| 0 eng d
041 _aeng
080 _22ND
_a577
100 _a5
101 _aSHMB
245 _aBIOCHEMISTRY
_cBOYER, R
942 _2udc
_cBK
999 _c6377
_d6377